000 00429 a2200109 4500
001 ART_2692
005 20260410161728.0
008 260409a
245 1 0 _aEl currículum de la signatura Costos en las universidades argentinas y su vinculación con el desarrollo industrial nacional y regional
100 1 _aDemonte, Norberto Gabriel
773 0 _tCiencias económicas
_g- Año 7, Vol. 2 (jun. 2010)
_wREV2567
999 _c17630
_d17630